El castillo /
Guardado en:
| Autor Principal: | |
|---|---|
| Formato: | Libro |
| Publicado: |
Buenos Aires :
Losada,
1977
|
| Series: | Bibl. Cl sica y Contempor nea1
|
| Materias: | |
| Etiquetas: |
Agregar Etiqueta
Sin Etiquetas, Sea el primero en etiquetar este registro!
|
| LEADER | 00494nam a22001815a 4500 | ||
|---|---|---|---|
| 001 | CEM.cems003538 | ||
| 005 | 19000101000000.0 | ||
| 008 | 130507s1977##################000#0#####d | ||
| 003 | CEMS | ||
| 082 | 0 | 4 | |a 891.863 |
| 100 | 1 | |a Kafka, Franz | |
| 245 | 1 | 0 | |a El castillo / |c Franz Kafka |
| 260 | |a Buenos Aires : |b Losada, |c 1977 | ||
| 300 | |a 327 p. | ||
| 490 | 0 | |a Bibl. Cl sica y Contempor nea1 | |
| 653 | |a Literatura | ||
| 653 | |a Novelas | ||
| 859 | |a CEMS |b BIB. CEMS - 11 de abril |h 891.863 |i K110 |p 13727.85 |t Ej.1 | ||
